| Tag |
First Indicator |
Second Indicator |
Subfields |
| LEADER |
00000cam a22000004a 4500 |
| 001 |
in00003965575 |
| 006 |
m o d |
| 007 |
cr cnu|||unuuu |
| 008 |
041201s2003 enkab ob 001 0 eng d |
| 005 |
20250816191446.7 |
| 010 |
|
|
|z 2002022268
|
| 020 |
|
|
|a 0511065094
|q (electronic bk.)
|
| 020 |
|
|
|a 0511073550
|q (electronic bk.)
|
| 020 |
|
|
|a 0511177941
|q (electronic bk.)
|
| 020 |
|
|
|a 0511541953
|q (electronic bk.)
|
| 020 |
|
|
|a 1280419970
|
| 020 |
|
|
|a 9780511065095
|q (electronic bk.)
|
| 020 |
|
|
|a 9780511073557
|q (electronic bk.)
|
| 020 |
|
|
|a 9780511177941
|q (electronic bk.)
|
| 020 |
|
|
|a 9780511541957
|q (electronic bk.)
|
| 020 |
|
|
|a 9781280419973
|
| 020 |
|
|
|z 0521815924
|
| 020 |
|
|
|z 9780521815925
|
| 024 |
8 |
|
|a 99974765872
|
| 035 |
|
|
|a (NhCcYBP)ybp3275776
|
| 035 |
|
|
|a 5582386
|
| 040 |
|
|
|a NhCcYBP
|c NhCcYBP
|d UtOrBLW
|
| 050 |
|
4 |
|a HM861
|b .N38 2003
|
| 072 |
|
7 |
|a PSAF
|2 bicssc
|
| 072 |
|
7 |
|a SOC
|x 015000
|2 bisacsh
|
| 082 |
0 |
4 |
|a 304.2
|2 22
|
| 245 |
0 |
0 |
|a Navigating social-ecological systems :
|b building resilience for complexity and change /
|c edited by Fikret Berkes, Johan Colding, and Carl Folke.
|
| 264 |
|
1 |
|a Cambridge ;
|a New York :
|b Cambridge University Press,
|c 2003.
|
| 300 |
|
|
|a 1 online resource.
|
| 336 |
|
|
|a text
|b txt
|2 rdacontent
|
| 337 |
|
|
|a computer
|b c
|2 rdamedia
|
| 338 |
|
|
|a online resource
|b cr
|2 rdacarrier
|
| 347 |
|
|
|a data file
|2 rda
|
| 380 |
|
|
|a Bibliography
|
| 500 |
|
|
|a Electronic resource.
|
| 504 |
|
|
|a Includes bibliographical references and index.
|
| 505 |
0 |
|
|a Adaptive dancing: interactions between social resilience and ecological crises / Lance H. Gunderson -- Nature and society through the lens of resilience: toward a human-in-ecosystem perspective / Iain J. Davidson and Fikret Berkes -- Redundancy and diversity: do they influence optimal management? / Bobbi Low [and others] -- The strategy of the commons: history and property rights in central Sweden / Lars Carlsson -- Management practices for building adaptive capacity: a case from northern Tanzania / Maria Tengö and Monica Hammer -- Living with disturbance: building resilience in social-ecological systems / Johan Colding, Thomas Elmqvist, and Per Olsson -- Exploring the role of local ecological knowledge in ecosystem management: three case studies / Madhav Gadgil [and others] -- Facing the adaptive challenge: practitioners' insights from negotiating resource crises in Minnesota / Kristen Blann, Steve Light, and Jo Ann Musumeci -- Caribou co-management in northern Canada: fostering multiple ways of knowing / Anne Kendrick -- Dynamics of social-ecological changes in a lagoon fishery in southern Brazil / Cristiana S. Seixas and Fikret Berkes -- Keeping ecological resilience afloat in cross-scale turbulence: an indigenous social movement navigates change in Indonesia / Janis B. Alcorn [and others] -- Policy transformations in the US forest sector, 1970-2000: implications for sustainable use and resilience / Ronald L. Trosper -- Synthesis: building resilience and adaptive capacity in social-ecological systems / Carl Folke, Johan Colding, and Fikret Berkes.
|
| 588 |
0 |
|
|a Print version record.
|
| 650 |
|
0 |
|a Social ecology.
|0 http://id.loc.gov/authorities/subjects/sh92004049
|
| 655 |
|
7 |
|a Electronic books.
|2 local
|
| 700 |
1 |
|
|a Berkes, Fikret.
|0 http://id.loc.gov/authorities/names/n87909836
|
| 700 |
1 |
|
|a Colding, Johan.
|0 http://id.loc.gov/authorities/names/n97018587
|
| 700 |
1 |
|
|a Folke, Carl.
|0 http://id.loc.gov/authorities/names/nr91006232
|
| 710 |
2 |
|
|a Cambridge University Press.
|0 http://id.loc.gov/authorities/names/n50059133
|
| 776 |
1 |
8 |
|i Print version:
|t Navigating social-ecological systems.
|d Cambridge ; New York : Cambridge University Press, 2003
|z 0521815924
|w (DLC) 2002022268
|
| 856 |
4 |
0 |
|u http://proxy.library.tamu.edu/login?url=https://dx.doi.org/10.1017/CBO9780511541957
|z Connect to the full text of this electronic book
|t 0
|
| 955 |
|
|
|a YBP purchased firm e-records
|
| 980 |
|
|
|b 140.00
|g 1
|
| 999 |
f |
f |
|s b4684db8-6109-3dbe-9a76-3f8c8c63c00d
|i 6a18e27a-4b7b-35e0-b800-3bba10db1a13
|t 0
|
| 952 |
f |
f |
|a Texas A&M University
|b College Station
|c Electronic Resources
|d Available Online
|t 0
|e HM861 .N38 2003
|h Library of Congress classification
|
| 998 |
f |
f |
|a HM861 .N38 2003
|t 0
|l Available Online
|